Perspektívy prežitia a revitalizácie
Postavenie a činnosť slovenskej menšinovej samosprávy v Maďarskej republike. Inštitúcie Slovákov v Maďarsku. Dvojjazyčné slovenské školy. Novela menšinového zákona v roku 2005. Ochabnutie národnostnej politiky týkajúcej sa slovenskej menšiny v súčasnosti v Maďarskej republike.
Gespeichert in:
| 1. Verfasser: | |
|---|---|
| Format: | Buchkapitel |
| Sprache: | Slowakisch |
| Schlagworte: | |
| Tags: |
Keine Tags, Fügen Sie das erste Tag hinzu!
|
MARC
| LEADER | 00000naa$a2200000$$$4500 | ||
|---|---|---|---|
| 001 | 0066717 | ||
| 005 | 20231016085314.8 | ||
| 041 | 0 | |a slo | |
| 044 | |a SK | ||
| 245 | 1 | 0 | |a Perspektívy prežitia a revitalizácie |c Ján Fuzik |
| 520 | |a Postavenie a činnosť slovenskej menšinovej samosprávy v Maďarskej republike. Inštitúcie Slovákov v Maďarsku. Dvojjazyčné slovenské školy. Novela menšinového zákona v roku 2005. Ochabnutie národnostnej politiky týkajúcej sa slovenskej menšiny v súčasnosti v Maďarskej republike. | ||
| 610 | 2 | 0 | |a politika národnostná |
| 610 | 2 | 0 | |a menšiny národnostné |
| 610 | 2 | 0 | |a samospráva |
| 610 | 2 | 0 | |a školy |
| 610 | 2 | 0 | |a Slovensko |
| 610 | 2 | 0 | |a Maďarsko |
| 100 | 1 | |a Fuzik, Ján | |